The Internet in everyday life / (Record no. 522530)

000 -LEADER
fixed length control field 01115cam a22003134a 4500
001 - CONTROL NUMBER
control field 12748097
003 - CONTROL NUMBER IDENTIFIER
control field NUST
005 - DATE AND TIME OF LATEST TRANSACTION
control field 20181030115640.0
008 - FIXED-LENGTH DATA ELEMENTS--GENERAL INFORMATION
fixed length control field 020419s2002 mau b 001 0 eng
010 ## - LIBRARY OF CONGRESS CONTROL NUMBER
LC control number 2002066638
020 ## - INTERNATIONAL STANDARD BOOK NUMBER
International Standard Book Number 0631235078 (alk. paper)
020 ## - INTERNATIONAL STANDARD BOOK NUMBER
International Standard Book Number 0631235086 (pbk. : alk. paper)
038 ## - RECORD CONTENT LICENSOR
Staff Name 0
040 ## - CATALOGING SOURCE
Original cataloging agency DLC
Transcribing agency DLC
Modifying agency DLC
042 ## - AUTHENTICATION CODE
Authentication code pcc
050 00 - LIBRARY OF CONGRESS CALL NUMBER
Classification number HM851
Item number .I58 2002
082 00 - DEWEY DECIMAL CLASSIFICATION NUMBER
Classification number 303.48/33
Edition number 21
245 04 - TITLE STATEMENT
Title The Internet in everyday life /
Statement of responsibility, etc. edited by Barry Wellman and Caroline Haythornthwaite.
260 ## - PUBLICATION, DISTRIBUTION, ETC.
Place of publication, distribution, etc. Malden, MA, USA :
Name of publisher, distributor, etc. Blackwell Pub.,
Date of publication, distribution, etc. 2002.
300 ## - PHYSICAL DESCRIPTION
Extent xxxi, 588 p. ;
Dimensions 24 cm.
504 ## - BIBLIOGRAPHY, ETC. NOTE
Bibliography, etc. note Includes bibliographical references and index.
650 #0 - SUBJECT ADDED ENTRY--TOPICAL TERM
Topical term or geographic name entry element Internet
General subdivision Social aspects.
9 (RLIN) 12464
650 #0 - SUBJECT ADDED ENTRY--TOPICAL TERM
Topical term or geographic name entry element Internet users.
9 (RLIN) 12465
700 1# - ADDED ENTRY--PERSONAL NAME
Personal name Wellman, Barry.
9 (RLIN) 12466
700 1# - ADDED ENTRY--PERSONAL NAME
Personal name Haythornthwaite, Caroline A.
9 (RLIN) 12467
906 ## - LOCAL DATA ELEMENT F, LDF (RLIN)
a 7
b cbc
c orignew
d 1
e ocip
f 20
g y-gencatlg
942 ## - ADDED ENTRY ELEMENTS (KOHA)
Source of classification or shelving scheme
Koha item type Book
Holdings
Withdrawn status Lost status Source of classification or shelving scheme Damaged status Not for loan Collection code Permanent Location Current Location Shelving location Date acquired Total Checkouts Full call number Barcode Date last seen Date last checked out Price effective from Koha item type
            Central Library (CL) Central Library (CL) General Stacks 10/30/2018 1 303.48/33 INT S3H-S-688 12/22/2023 10/30/2018 10/30/2018 Book
© 2023 Central Library, National University of Sciences and Technology. All Rights Reserved.